| 000 | 00690nam a22001937a 4500 | ||
|---|---|---|---|
| 999 |
_c4859 _d4859 |
||
| 003 | AR-CdUCM | ||
| 008 | 190311b ||||| |||| 00| 0 spa d | ||
| 040 |
_aMUNICIPALIDAD PROVINCIAL DEL CUSCO _cBIBLIOTECA MUNICIPAL DEL CUSCO |
||
| 082 |
_22ed. _a868.7 / _bJ37 |
||
| 100 |
_aJardiel Poncela, Enrique _9761 |
||
| 245 |
_aMáximas mínimas : _b541 aforismos sobre temas que, por no ser de actualidad, estan siempre de actualidad y mesa revuelta / |
||
| 260 |
_aBuenos Aires : _bJuventud argentina, _c1951. |
||
| 300 |
_a249 páginas ; _c21.5 cm. |
||
| 500 | _aDonación familia Nieto | ||
| 650 |
_aLiteratura argentina _984 |
||
| 650 |
_asiglo XX _9556 |
||
| 942 |
_2ddc _cLIBROS |
||
| 945 | _aafb | ||